000 00788nam a22002417a 4500
005 20170124110237.0
010 _aB-276977
020 _c00.00
_a9788187972099
035 _aB-276977
037 _bCen Lib/Ret
040 _aDPL
_bEN
082 _a004.165
_bGAO
100 _aGaonkar, Ramesh S.
_942198
245 _aMicroprocessor architecture programming and applications with the 8085 /
_cby Ramesh S. Gaonkar
250 _a5th ed
260 _aMumbai
_bPenram international publishing
_c2008
270 _bMumbai
_aB-20, Bussa udyog bhavan, T.J. road, sewree
_e400015
300 _ax,820p.
_c23cm(pbk)
500 _aIncludes index
650 _aComputer architecture
_921262
650 _x
_aComputer programming
_91122
942 _2ddc
_cEN
_h004.165
_mGAO
999 _c134932
_d134932